| 000 | 00433 a2200121 4500 | ||
|---|---|---|---|
| 001 | ART_30455 | ||
| 005 | 20260410162004.0 | ||
| 008 | 260409a | ||
| 245 | 1 | 0 | _aConsideraciones sobre la desaparición de los residuos pasivos en la administración nacional a partir del ejercicio 1993 |
| 100 | 1 | _aLe Pera, Alfredo | |
| 700 | 1 | _aPermuy, Juan | |
| 773 | 0 |
_tBoletín Informativo ASAP _g- Nº 23 (ago. 1994) _wREV30391 |
|
| 999 |
_c31541 _d31541 |
||